000 01270nam a22002777a 4500
999 _c2365
_d2365
003 AR-CdUCM
008 190304b ||||| |||| 00| 0 spa d
040 _aMUNICIPALIDAD PROVINCIAL DEL CUSCO
_cBIBLIOTECA MUNICIPAL DEL CUSCO
041 _heng.
082 _22ed.
_a311.9 /
_bP15
100 _aPanse, V.G.
_98504
110 _aConsejo Estadístico del consejo indio de investigación agrícola
_aSección de estadística de la organización de las naciones unidas para la alimentación y la agricultura
_98505
245 _aMétodos estadísticos para investigaciones agrícolas /
260 _aMexico :
_bFondo de cultura económica,
_c1959.
300 _a349 paginas ;
_c22 cm.
505 _aDistribuciones de frecuencia --Las distribuciones normal y binomial --Métodos de muestreo y errores estándar --Pruebas de significación de medias y sus diferencias --La prueba x2 y la estimación de ligamiento ...
650 _aIndustrializacion
_91455
650 _aDesarrollo agrícola
_91453
650 _aEstadística matemática
_98337
650 _aDesarrollo economico
_91696
700 _aSukhatme P.V.
_98506
700 _aAna Maria Flores (traductor)
_98507
700 _aMaria Guadalupe Lomeli (traductor)
_98508
942 _2ddc
_cLIBROS
945 _arjall